Paroles Condor - Tip Stevens - Statistiques

Statistiques générales
  • Ce quiz a été pris 55 fois
  • Le résultat moyen est 141 sur 173
Statistiques - réponses
Lyrics % Correct
Ah Ah Ah
97%
condor
97%
you
97%
You
97%
a
94%
A
94%
I
94%
so
94%
the
94%
we
94%
We
94%
calling
91%
hear
91%
Hear
91%
it
91%
It
91%
it's
91%
It's
91%
all
88%
All
88%
be
88%
Can
88%
do
88%
to
88%
were
88%
wrong
88%
heard
85%
now
85%
see
85%
could
82%
have
82%
this
82%
tried
82%
How
76%
us
76%
when
76%
When
76%
along
74%
Did
74%
for
74%
if
74%
is
74%
just
74%
know
74%
sun
74%
That
74%
But
71%
knew
71%
Can't
68%
feeling
68%
hiding
68%
really
68%
time
68%
coming
65%
don't
65%
Something
65%
Well
65%
late
62%
never
62%
only
62%
warning
62%
What
62%
listen
59%
misunderstanding
59%
run
59%
save
59%
too
59%
fight
53%
guess
53%
back
50%
came
50%
misleading
50%
bury
47%
there's
47%
shouldn't
38%
D'you
32%
Aucun quiz correspondant
Distribution des résultats
% des personnes avec chaque résultat
Percentile par nombre de réponses
Votre historique - résultats
Vous n’avez pas pris ce quiz